000 00314nam a2200157Ia 4500
100 _aLahiri/Jhumpa
650 _aFiction
942 _cBK
366 _f20
245 _aThe Namesake
260 _bHarper collins
_c2012
082 _a808.3
_bLAH
300 _a291
546 _aENGLISH
_cComputers
999 _c18368
_d18368